EMU a evropské spořitelny
Tretia etapa vytvárania Európskej hospodárskej a menovej únie a európskej sporiteľne. Činnosť Európskeho združenia sporiteľní (ESBG).
Saved in:
| Main Author: | |
|---|---|
| Format: | Book Chapter |
| Language: | Czech |
| Subjects: | |
| Tags: |
No Tags, Be the first to tag this record!
|
MARC
| LEADER | 00000naa a2200000 4500 | ||
|---|---|---|---|
| 001 | r033004 | ||
| 005 | 20230920095228.6 | ||
| 041 | 0 | |a cze | |
| 044 | |a CZ | ||
| 245 | 1 | 0 | |a EMU a evropské spořitelny |c Jan Žižka |
| 520 | |a Tretia etapa vytvárania Európskej hospodárskej a menovej únie a európskej sporiteľne. Činnosť Európskeho združenia sporiteľní (ESBG). | ||
| 610 | 2 | 0 | |a únie menové |
| 610 | 2 | 0 | |a Európska menová únia |
| 610 | 2 | 0 | |a sporiteľne |
| 610 | 2 | 0 | |a Európske združenie sporitelní |
| 610 | 2 | 0 | |a fúzie |
| 610 | 2 | 0 | |a banky |
| 610 | 2 | 0 | |a ECU |
| 100 | 1 | |a Žižka, Jan | |